| 000 | 01133nam a2200253 a 4500 | ||
|---|---|---|---|
| 003 | DO-SdBNP | ||
| 005 | 20250707112615.0 | ||
| 007 | ta | ||
| 008 | 190722e2002 ad 100 spa d | ||
| 040 |
_aDO-SdBNP _cspa _eBNPHU |
||
| 082 | 4 |
_a330.97293 _bR426d _222 |
|
| 111 | 2 |
_aRepública Domininicana. Secretaría de Estado de Finanzas _d(2002: _cSantiago de los Caballeros) _jConferencia _982345 |
|
| 245 | 1 | 0 |
_aUn desafío diferente : _bcrear una nación de combatientes / _cpresentación, Fernando Álvarez Bogaert |
| 260 |
_aSanto Domingo, _c2002. |
||
| 300 |
_a71 p.: _bil.; _f28 cm |
||
| 500 | _aConferencia auspiciada por la Universidad Católica Madre y Maestra y la Asociación para el Desarrollo de Santiago, 30 de enero 2002. | ||
| 590 | _aInventariado, 2022 / SA | ||
| 611 | 4 |
_aConferencia _c(Santiago, República Dominicana) _xEconomía _y2001-2002: _982351 |
|
| 630 | 4 |
_953426 _aLa economía dominicana _z2001-2002 |
|
| 650 | 4 |
_978263 _aEconomía _xFinanza _y2001-2002 _zRepública Dominicana |
|
| 650 | 0 |
_aEconomia _vConferencia _985383 |
|
| 700 | 1 |
_aÁlvarez Bogaert, Fernando _epresentación _956497 |
|
| 942 |
_2ddc _cLBS1 |
||
| 999 |
_c48614 _d48614 |
||